| 000 | 00430nam a22001817a 4500 | ||
|---|---|---|---|
| 999 |
_c10627 _d10627 |
||
| 003 | OSt | ||
| 008 | 210518b ||||| |||| 00| 0 eng d | ||
| 020 | _a9788177582383 | ||
| 082 | _a621.402 EAA | ||
| 100 | _aEASTOP,TD | ||
| 245 | _aApplied Themodynamics for Engineering Technologists | ||
| 250 | _a5th | ||
| 260 |
_aNew Delhi _bPearson _c2018 |
||
| 300 | _a735 | ||
| 650 | _aME | ||
| 700 | _aMccONKEY,A | ||
| 942 |
_2ddc _cBK _01 |
||